000 00401nam a2200181Ia 4500
003 0STCL
008 150530s9999 xx 000 0 und d
040 _aSTCL
_cSTCL
100 _aRamdarash Mishra
245 _aApane Log
250 _a1
260 _bIndraPrastha Prakashan
_c2006
_aNew Delhi
300 _a0
546 _aHindi
942 _2ddc
_cBK
999 _c64287
_d64287
005 20220125171240.0